Star Wars Rebels: Characters by Appearances Quiz Stats

Quiz not verified by Sporcle

Challenge
Share
Tweet
Embed
Score 0/121 Timer 15:00
0 Plays Today
Appearances Character % Correct
5Darth Vader
91.4%
60Ezra Bridger
87.1%
58Kanan Jarrus
87.1%
57Garazeb Orrelios
86%
58Hera Syndulla
86%
56Sabine Wren
84.9%
59C1-10P 'Chopper'
82.8%
8Ahsoka Tano
81.7%
4Darth Maul
81.7%
1Obi-Wan Kenobi
80.6%
10The Grand Inquisitor
75.3%
1Princess Leia Organa
75.3%
26Agent Aleksandr Kallus
73.1%
22Captain Rex
71%
12Grand Admiral Thrawn
68.8%
2R2-D2
67.7%
1C-3PO
67.7%
5Mon Mothma
66.7%
5Seventh Sister
64.5%
6Fifth Brother
60.2%
5Wilhuff Tarkin
60.2%
6Bail Organa
60.2%
4Hondo Ohnaka
59.1%
5Wedge Antilles
58.1%
2Lando Calrissian
57%
2Commander Wolffe
55.9%
1Eighth Brother
54.8%
10Arihnda Pryce
53.8%
1Luke Skywalker
53.8%
1Master Yoda
52.7%
18Jun Sato
49.5%
2Saw Gerrera
47.3%
2Clone Gregor
46.2%
9AP-5
45.2%
2Rukh
38.9%
1Bo-Katan Kryze
38.9%
6Maketh Tua
38.7%
2Cham Syndulla
38.7%
2Gar Saxon
38.7%
5The Bendu
37.6%
3Tristan Wren
35.5%
Appearances Character % Correct
3Countess Ursa Wren
35.5%
16Kassius Konstantine
34.4%
3Azmorigan
34.4%
1Tiber Saxon
33.3%
4Jan Dodonna
32.3%
1Wulff Yularen
32.3%
6Cikatro Vizago
31.2%
6Fenn Rau
30.1%
2Tseebo
28%
1Edrio Two-Tubes
27.8%
10Ryder Azadi
26.9%
3Derek 'Hobbie' Klivian
24.7%
1Klik-Klak
23.7%
1Jon 'Dutch' Vander
22.6%
1Alrich Wren
22.2%
2Zare Leonis
20.4%
5Yogar Lyste
19.4%
4Cumberlayne Aresko
19.4%
4Myles Grint
19.4%
5Old Jho
18.3%
4Brom Titus
18.3%
3Jai Kell
18.3%
1R3-D3
18.3%
1R3-A3
18.3%
2Numa
17.2%
2Gall Trayvis
17.2%
2Mart Mattin
17.2%
3Morad Sumar
16.1%
3Marida Sumar
15.1%
2Ketsu Onyo
15.1%
3Valen Rudor
15.1%
1General Kalani
15.1%
1Quarrie
12.9%
3Alton Kastle
11.8%
2Gobi Glie
11.8%
1Tyson
11.8%
4Vult Skerris
10.8%
9Tsoklo
9.7%
3Captain Slavin
9.7%
1RX-24
9.7%
1Rake Gahree
9.7%
Appearances Character % Correct
1Jooner Jin
9.7%
1Gooti Terez
9.7%
1Gold Two
9.7%
1Gold Four
9.7%
1Gold Five
9.7%
1Wullffwarro
8.6%
1Amda Wabo
8.6%
2Melch
7.5%
1Terba
7.5%
1LT-319
7.5%
2Captain Brunson
6.5%
1Kitwarr
6.5%
1W1-LE
6.5%
1Phoenix Leader
6.5%
1EG-86
6.5%
1Pypey
6.5%
1Chava
6.5%
1Dicer
6.5%
1Nazhros Oleg
5.4%
1Oora
5.4%
1Gron
5.4%
1264
4.3%
1BG-81
4.3%
1Vaux
4.3%
1Boss Yushyn
4.3%
1Instructor Goran
4.3%
1EXD-9
4.3%
2Commander Woldar
4.3%
1Alora
3.2%
1Darja
3.2%
2Erskin Semaj
3.2%
1Green Leader
3.2%
1Doctor Ball
2.2%
1Captain Hark
0%
1Commander DT-F16
0%
1Mich Matt
0%
1Captain Seevor
0%
1Duke
0%
1Cleat
0%

You're not logged in!

Compare scores with friends on all Sporcle quizzes.
Sign Up with Email
OR
Log In

You Might Also Like...

Show Comments

Extras

Top Quizzes Today


Score Distribution

Your Account Isn't Verified!

In order to create a playlist on Sporcle, you need to verify the email address you used during registration. Go to your Sporcle Settings to finish the process.